000 00214 a2200097 4500
001 42371
100 _aRice D T
245 _aThe Back Ground of Art
260 _a
_bThomas Nelson & Sons
_c
090 _c26306
_d26306
942 _aNUST-CAE
_cM
_c18121
999 _c277444
_d277444